| 000 | 00733nam a22002657a 4500 | ||
|---|---|---|---|
| 005 | 20250825154527.0 | ||
| 008 | 190611b xxu||||| |||| 00| 0 spa d | ||
| 041 | _aESP | ||
| 082 | _aCR 861.44 A385a | ||
| 100 |
_aAlfaro García, Ronaldo _954291 |
||
| 100 | _aCabalceta Román, Iván | ||
| 100 | _aGonzález Rodríguez, Óscar | ||
| 100 | _aSánchez Garita, Arturo | ||
| 245 | _aArcilla lírica | ||
| 260 | _aCosta Rica | ||
| 260 | _bCentro de Atención Institucional Jorge Debravo | ||
| 260 | _c2019 | ||
| 300 | _a112 páginas | ||
| 490 | _aTemática General | ||
| 650 | _aTEMÁTICA GENERAL | ||
| 650 | _aPOESÍA COSTARRICENSE | ||
| 650 | _aLITERATURA COSTARRICENSE | ||
| 650 | _aCOSTA RICA | ||
| 942 |
_cLIT _2ddc |
||
| 999 |
_c12040 _d12040 |
||